00768nam a2200217 a 450000100060000000300090000600800410001502000150005604000280007108200190009910000210011824500470013925000060018626000490019230000100024150502010025165000180045265000160047065000330048665000310051920570CO-ViMGA141112s2004 ck r 000 u spa d a9500604280 aCO-ViMGAbspacCO-ViMGA04a618.2075 C153e1 aCallen, Peter W.10aEcografía en Obstetricia y Ginecología a4 aBuenos Aires : bMedica panemericana, c2002 a1034p aDeterminación ecográfica de la activdad menstrual 142 - - El tracto genitourinario fetal 497 - - Anatomía normal de la pelvis femenina 749 - - Arrtefactos, trampas y variantes normales 929 14aGINECOLOGÍA14aOBSTETRICIA14aULTRASONIDO EN GINECOLOGÍA14aULTRASONIDO EN OBSTETRICIA